New Models of Higher Education : Unbundled, Rebundled, Customized, and DIY.

The student ability to "DIY" and build an unbundled education and training path for themselves demonstrates a clever and productive approach to lifelong learning. Despite this, institutions of higher education and businesses typically ignore or even problematize this behavior, viewing mixi...

Full description

Bibliographic Details
Main Author: Brower, Aaron M.
Other Authors: Specht-Boardman, Ryan J.
Format: eBook
Language:English
Published: Hershey : IGI Global, 2022.
Edition:1st ed.
Subjects:
Online Access:Click to View
LEADER 02771nam a22003853i 4500
001 EBC30464063
003 MiAaPQ
005 20231204023230.0
006 m o d |
007 cr cnu||||||||
008 231204s2022 xx o ||||0 eng d
020 |a 9781668438114  |q (electronic bk.) 
020 |z 9781668438091 
035 |a (MiAaPQ)EBC30464063 
035 |a (Au-PeEL)EBL30464063 
035 |a (OCoLC)1379435410 
040 |a MiAaPQ  |b eng  |e rda  |e pn  |c MiAaPQ  |d MiAaPQ 
050 4 |a LB2341 .N436 
100 1 |a Brower, Aaron M. 
245 1 0 |a New Models of Higher Education :  |b Unbundled, Rebundled, Customized, and DIY. 
250 |a 1st ed. 
264 1 |a Hershey :  |b IGI Global,  |c 2022. 
264 4 |c Ã2022. 
300 |a 1 online resource (699 pages) 
336 |a text  |b txt  |2 rdacontent 
337 |a computer  |b c  |2 rdamedia 
338 |a online resource  |b cr  |2 rdacarrier 
520 |a The student ability to "DIY" and build an unbundled education and training path for themselves demonstrates a clever and productive approach to lifelong learning. Despite this, institutions of higher education and businesses typically ignore or even problematize this behavior, viewing mixing-and-matching as a lack of degree commitment or with skepticism and reimbursement ambivalence. In order to better understand and incorporate the benefits of this new model of education, further research is required. New Models of Higher Education: Unbundled, Customized, DIY focuses on the future of higher education and how students mix and match education and training throughout their careers to reach personal and professional goals. The book also considers the practical ways in which institutions of higher education, education technology companies, and workplaces can better respond to, and enable, this new way in which education and training are engaged and consumed. Covering a wide range of topics such as assessment, personal success, and education paradigms, this reference work is ideal for policymakers, administrators, university presidents, academicians, practitioners, scholars, researchers, instructors, and students. 
588 |a Description based on publisher supplied metadata and other sources. 
590 |a Electronic reproduction. Ann Arbor, Michigan : ProQuest Ebook Central, 2023. Available via World Wide Web. Access may be limited to ProQuest Ebook Central affiliated libraries.  
655 4 |a Electronic books. 
700 1 |a Specht-Boardman, Ryan J. 
776 0 8 |i Print version:  |a Brower, Aaron M.  |t New Models of Higher Education: Unbundled, Rebundled, Customized, and DIY  |d Hershey : IGI Global,c2022  |z 9781668438091 
797 2 |a ProQuest (Firm) 
856 4 0 |u https://ebookcentral.proquest.com/lib/matrademy/detail.action?docID=30464063  |z Click to View